Provázanost náboženství a nacionalismu v zápasu o autokefalitu ukrajinské pravoslávné církve

Brubakerovo ponímanie previazanosti náboženstva a nacionalizmu a problematika mýtov. Analýza štyroch foriem previazanosti. Organizačná štruktúra súčasnej pravoslávnej cirkvi a ukrajinská cirkevná scéna. Mytologicko-pannárodná forma previazanosti. Národno-mytologická forma. Štátno-cirkevná forma. Plu...

ver descrição completa

Na minha lista:
Detalhes bibliográficos
Autor principal: Mlejnek, Josef
Formato: Capítulo de Livro
Idioma:tcheco
Assuntos:
Tags: Adicionar Tag
Sem tags, seja o primeiro a adicionar uma tag!

MARC

LEADER 00000naa a2200000 4500
001 0258390
005 20190923145856.3
041 0 |a cze 
044 |a CZ 
245 1 0 |a Provázanost náboženství a nacionalismu v zápasu o autokefalitu ukrajinské pravoslávné církve  |c Josef Mlejnek 
520 |a Brubakerovo ponímanie previazanosti náboženstva a nacionalizmu a problematika mýtov. Analýza štyroch foriem previazanosti. Organizačná štruktúra súčasnej pravoslávnej cirkvi a ukrajinská cirkevná scéna. Mytologicko-pannárodná forma previazanosti. Národno-mytologická forma. Štátno-cirkevná forma. Pluralitná forma. 
610 2 0 |a náboženstvo 
610 2 0 |a nacionalizmus 
610 2 0 |a cirkev 
610 2 0 |a štát 
610 2 0 |a nezávislosť 
610 2 0 |a Ukrajina 
100 1 |a Mlejnek, Josef